000 00684nam a22001937a 4500
005 20260218120434.0
008 260218b |||||||| |||| 00| 0 eng d
020 _a9789393875877
040 _cVITAP
082 _223
_a520 SUB
100 _aSubraminaan, T.S Ed.
_917072
245 _aISRO: Exploring New Frontiers
_b: To The Moon The Sun & Beyond
_c/ T.S. Subramanian Ed.
260 _aChennai
_bTHG Publishing Pvt Ltd.
_c2024
300 _a356p, ill.: 25cm
650 0 _aHistory of ISRO, Launch Vehicles, Satellite Programmes, Lunar Missions, Mars Mission, Solar Mission etc.
_917075
700 _aKirubanidhi, K Ed.
_917076
700 _aKrithika, R Ed.
_917077
942 _2ddc
_cBK
999 _c47268
_d47268